Представление документа в формате RUSMARC

ПолеНазваниеЗначение
  Тип записи a
  Библиографический уровень m
001 Контрольный номер RU/IS/BASE/294402261
005 Дата корректировки 20201206204635.2
010 Индекс ISBN __
a ISBN 978-5-7695-4670-9
d Цена 303-93
101 Язык документа __
a Язык текста rus
c Язык оригинала rus
200 Заглавие и сведения об ответственности 1_
a Заглавие Здоровьесберегающие педагогические технологии
f Первые сведения об ответственности учеб. пособие для студентов вузов, обучающихся по специальности 050711 (031300) - Соц. педагогика
b Общее обозначение материала Текст
210 Выходные данные __
a Место издания М.
c Издательство Академия
d Дата издания 2008
215 Физическое описание __
a Объем 187, [2] с.
225 Серия __
a Серия Высшее профессиональное образование
i Наименование части Педагогика здоровья
320 Библиография __
a Библиография Лит.: с. 182-186
330 Аннотация __
a Аннотация Содержится материал авторского учебного курса "Педагогика здоровья". Основное внимание уделено комплексному рассмотрению используемых в образовательном пространстве здоровьесберегающих технологий, позволяющих эффективно решать одну из самых актуальных проблем образования - развития и становления культуры здоровья обучающихся.
606 Тематические рубрики __
a Основная рубрика Образование. Педагогика
606 Тематические рубрики __
a Основная рубрика Теория и методика воспитания
610 Ключевые слова __
a Ключевые слова здоровьесбережение; здоровьесберегающая педагогика; педагогика здоровья; школьная валеология; культура здоровья; здоровье; здоровьесберегающее воспитание; подростковое здоровье; здоровьесберегающие технологии; оздоровительная работа; валеологическая служба; культура здоровья; внеучебная деятельность
686 Индексы других классификаций __
a Классификационный индекс 74.200.55я73
700 Автор _1
a Фамилия Митяева
b Имя А. М.
g Полное личное имя Анна Михайловна
4 Код отношения 070
801 Источник записи _0
a Страна RU
b Организация Муниципальное бюджетное учреждение культуры "Централизованная библиотечная система" г. Сургут (Центральная городская библиотека им. А. С. Пушкина)
g Правила каталогизации КиК/Поспелова
801 Источник записи _1
a Страна RU
b Организация Муниципальное бюджетное учреждение культуры "Централизованная библиотечная система" г. Сургут (Центральная городская библиотека им. А. С. Пушкина)
g Правила каталогизации КиК/Поспелова
852 Данные о местонахождении __
j Шифр хранения 74.200.55я73
c Каталожный индекс 51.204.0я73
i Авторский знак М 67
901 Тип документа __
t Тип документа m
903 Характеристики (МАРС) __
a Дата передачи 20090515
969 Тип издания __
a Тип издания учебник
990 Данные о заказе (DOS) __
j Количество экземпляров (DOS) 1
t N записи в КСУ для И/У (DOS) 200905